Song of humanity / (Record no. 41910)

MARC details
000 -LEADER
fixed length control field 00675nam a22001937a 4500
005 - DATE AND TIME OF LATEST TRANSACTION
control field 20100814142150.0
010 ## - LCCN (DPL NO)
LC control number ENG-100357
020 ## - INTERNATIONAL STANDARD BOOK NUMBER
International Standard Book Number 9788188893348
Terms of availability 30.00
035 ## - SYSTEM CONTROL NUMBER
System control number EN-83889
037 ## - SOURCE OF ACQUISITION
Source of stock number/acquisition DBAD/PUB
082 ## - DEWEY DECIMAL CLASSIFICATION NUMBER
Classification number 181.499
100 ## - MAIN ENTRY--PERSONAL NAME
Personal name Nahar, Sujata
245 ## - TITLE STATEMENT
Title Song of humanity /
Statement of responsibility, etc by Sujata Nahar
260 ## - PUBLICATION, DISTRIBUTION, ETC. (IMPRINT)
Place of publication, distribution, etc Mysore
Name of publisher, distributor, etc Mira Aditi
Date of publication, distribution, etc 2009
270 ## - ADDRESS
Address 27, Jayalakshmi Devi Road I Block, Ramakrishna Nagar
City Mysore
Postal code 570022
300 ## - PHYSICAL DESCRIPTION
Extent 31p.
Dimensions 20cm (pbk)
942 ## - ADDED ENTRY ELEMENTS (KOHA)
Source of classification or shelving scheme Dewey Decimal Classification
Item type English Books
Classification part 181.499
Call number suffix NAH
Holdings
Withdrawn status Lost status Not for loan Collection code Home library Current library Date acquired Source of acquisition Cost, normal purchase price Full call number Barcode Copy number Cost, replacement price Koha item type
    Not For Loan Non-fiction D.B.Act.Division D.B.Act.Division 14/08/2010 DBAD/PUB 30.00 181.499 NAH EN-83889 1 30.00 English Books

© Delhi Public Library
Hit Counter
free hit counter